Rozhodovanie vnútroštátnych orgánov o nárokoch vyplývajúcich z komunitárneho práva

Vstupom do Európskej únie prevzala Slovenská republika na seba súčasne záväzok zabezpečiť pred svojimi orgánmi aplikáciu komunitárneho práva. V článku 1 Zmluva o pristúpení k EÚ ustanovuje, že Slovenská republika sa týmto stáva zmluvnou stranou zmlúv, na ktorých je založená EÚ, v znení neskorších zm...

Full description

Saved in:
Bibliographic Details
Main Author: Svitana, Radoslav
Format: Book Chapter
Language:Slovak
Subjects:
Tags: Add Tag
No Tags, Be the first to tag this record!

MARC

LEADER 00000naa$a2200000$$$4500
001 0036945
005 20221207085655.2
041 0 |a slo 
044 |a SK 
245 1 0 |a Rozhodovanie vnútroštátnych orgánov o nárokoch vyplývajúcich z komunitárneho práva  |c Radoslav Svitana 
520 |a Vstupom do Európskej únie prevzala Slovenská republika na seba súčasne záväzok zabezpečiť pred svojimi orgánmi aplikáciu komunitárneho práva. V článku 1 Zmluva o pristúpení k EÚ ustanovuje, že Slovenská republika sa týmto stáva zmluvnou stranou zmlúv, na ktorých je založená EÚ, v znení neskorších zmien a doplnkov. Možnosť obrátiť sa na Európsky súdny dvor v prípade spornosti výkladu komunitárneho práva. 
610 2 0 |a právo komunitárne 
610 2 0 |a Slovensko 
610 2 0 |a orgány štátne 
610 2 0 |a rozhodovanie 
610 2 0 |a Európska únia 
100 1 |a Svitana, Radoslav